[Event "POL-ch U20 Girls"]
[Site "Jarnoltowek"]
[Date "2003.04.11"]
[Round "6"]
[White "Pokojska, Daria"]
[Black "Toma, Katarzyna"]
[Result "1/2-1/2"]
[WhiteElo "2127"]
[BlackElo "2189"]
[PlyCount "98"]
[EventDate "2003.04.07"]
[EventType "tourn"]
[EventRounds "11"]
[EventCountry "POL"]
[SourceTitle "CBM 093 Extra"]
[Source "ChessBase"]
[SourceDate "2003.05.09"]
[SourceVersion "1"]
[SourceVersionDate "2003.05.09"]
[SourceQuality "1"]

1. c4 Nf6 2. Nc3 d5 3. cxd5 Nxd5 4. g3 g6 5. Bg2 Nb6 6. d3 Bg7 7. Be3 Nc6 8. Bxc6+ bxc6 9. Qc1 c5 10. Bxc5 Bb7 11. Nf3 Bxf3 12. exf3 Qxd3 13. Qe3 0-0-0 14. Qxd3 Rxd3 15. Ke2 Rhd8 16. Rhd1 Rxd1 17. Nxd1 Nc4 18. Rc1 Nxb2 19. Nxb2 Bxb2 20. Rc4 a6 21. Ra4 Rd5 22. Bxe7 Re5+ 23. Re4 Kd7 24. Bb4 Kc6 25. Kd3 Kb5 26. Bc3 Rd5+ 27. Kc2 Ba3 28. Re8 Bc5 29. Rc8 Kc6 30. Be1 Re5 31. Kd1 Bb6 32. Rf8 Re7 33. Ra8 Kb7 34. Rh8 f6 35. g4 Bd4 36. Rd8 c5 37. a4 Be5 38. h4 Kc6 39. Ra8 Rd7+ 40. Kc2 Kb6 41. Bd2 c4 42. f4 Bd4 43. f3 Rd5 44. Rc8 Bf2 45. Rxc4 Bxh4 46. Be3+ Kb7 47. Rb4+ Kc7 48. Rb1 h5 49. f5 gxf5 1/2-1/2

[Event "POL-ch U20 Girls"]
[Site "Jarnoltowek"]
[Date "2003.04.10"]
[Round "5"]
[White "Zawadzka, Beata"]
[Black "Pokojska, Daria"]
[Result "1-0"]
[WhiteElo "2206"]
[BlackElo "2127"]
[PlyCount "49"]
[EventDate "2003.04.07"]
[EventType "tourn"]
[EventRounds "11"]
[EventCountry "POL"]
[SourceTitle "CBM 093 Extra"]
[Source "ChessBase"]
[SourceDate "2003.05.09"]
[SourceVersion "1"]
[SourceVersionDate "2003.05.09"]
[SourceQuality "1"]

1. d4 f5 2. c4 Nf6 3. Nc3 g6 4. h4 Bg7 5. h5 Nxh5 6. e4 fxe4 7. Rxh5 gxh5 8. Qxh5+ Kf8 9. Bh6 e6 10. Nxe4 Qe7 11. Nf3 Nc6 12. 0-0-0 Qf7 13. Qh4 Bxh6+ 14. Qxh6+ Qg7 15. Qf4+ Qf7 16. Qh4 d5 17. Neg5 Qg7 18. Re1 h6 19. Nxe6+ Bxe6 20. Rxe6 Ne7 21. cxd5 Nxd5 22. Qe4 c6 23. Bc4 Ne7 24. Ne5 Ke8 25. Ng6 1-0

[Event "POL-ch (Women) 57th"]
[Site "Sroda Wielkopolska"]
[Date "2003.03.08"]
[Round "10"]
[White "Zawadzka, Beata"]
[Black "Pokojska, Daria"]
[Result "1-0"]
[WhiteElo "2228"]
[BlackElo "2084"]
[PlyCount "51"]
[EventDate "2003.02.26"]
[EventType "tourn"]
[EventRounds "11"]
[EventCountry "POL"]
[EventCategory "1"]
[SourceTitle "EXT 2004"]
[Source "ChessBase"]
[SourceDate "2003.11.25"]
[SourceVersion "1"]
[SourceVersionDate "2003.11.25"]
[SourceQuality "1"]

1. d4 f5 2. Nf3 Nf6 3. g3 g6 4. Bg2 Bg7 5. b4 0-0 6. Bb2 d6 7. c4 Ne4 8. Qc2 Qe8 9. 0-0 e5 10. dxe5 dxe5 11. c5 a5 12. a3 axb4 13. axb4 Rxa1 14. Bxa1 Qe7 15. Na3 b6 16. cxb6 cxb6 17. Nc4 Nd7 18. Nfd2 Nxd2 19. Qxd2 Ba6 20. b5 Bc8 21. Rd1 e4 22. Bxg7 Qxg7 23. Qd5+ Kh8 24. Qd6 Qc3 25. Nxb6 Nxb6 26. Qxf8# 1-0

[Event "POL-ch (Women) 57th"]
[Site "Sroda Wielkopolska"]
[Date "2003.02.27"]
[Round "1"]
[White "Matras Clement, Agnieszka"]
[Black "Pokojska, Daria"]
[Result "1/2-1/2"]
[WhiteElo "2229"]
[BlackElo "2084"]
[PlyCount "85"]
[EventDate "2003.02.26"]
[EventType "tourn"]
[EventRounds "11"]
[EventCountry "POL"]
[EventCategory "1"]
[SourceTitle "EXT 2004"]
[Source "ChessBase"]
[SourceDate "2003.11.25"]
[SourceVersion "1"]
[SourceVersionDate "2003.11.25"]
[SourceQuality "1"]

1. e4 c5 2. Nc3 Nc6 3. f4 g6 4. Nf3 Bg7 5. Bc4 e6 6. 0-0 Nge7 7. Qe1 0-0 8. d3 d5 9. Bb3 Nd4 10. Nxd4 cxd4 11. Nd1 a5 12. a4 dxe4 13. dxe4 d3 14. Be3 dxc2 15. Bxc2 Bd4 16. Nc3 Nc6 17. Rd1 Bxe3+ 18. Qxe3 Qe7 19. e5 Qb4 20. Ne4 Ne7 21. Nf6+ Kg7 22. Be4 Ng8 23. Ng4 Qxa4 24. Rd6 Qb4 25. Rb6 Qe7 26. Nf2 f5 27. exf6+ Nxf6 28. Re1 Ra6 29. Rxa6 bxa6 30. Qb6 Qb4 31. Qc7+ Rf7 32. Qc1 a4 33. Nd3 Qd4+ 34. Qe3 Rd7 35. Ne5 Qxe3+ 36. Rxe3 Rd1+ 37. Kf2 Rd2+ 38. Ke1 Nxe4 39. Rxe4 Rxb2 40. Rxa4 Bb7 41. Rc4 Bxg2 42. Rc7+ Kg8 43. Rc8+ 1/2-1/2

[Event "Wroclaw-ch"]
[Site "Wroclaw"]
[Date "2003.??.??"]
[Round "9"]
[White "Andrejczuk, Beata"]
[Black "Pokojska, Daria"]
[Result "0-1"]
[WhiteElo "2025"]
[BlackElo "2125"]
[PlyCount "64"]
[EventDate "2003.??.??"]
[EventType "swiss"]
[EventRounds "9"]
[EventCountry "POL"]
[SourceTitle "EXT 2007"]
[Source "ChessBase"]
[SourceDate "2006.11.23"]
[SourceVersion "1"]
[SourceVersionDate "2006.11.23"]
[SourceQuality "1"]

1. e4 c5 2. Nc3 Nc6 3. f4 g6 4. Nf3 Bg7 5. Bc4 e6 6. 0-0 Nge7 7. d3 0-0 8. Qe1 d5 9. Bb3 Nd4 10. Nxd4 cxd4 11. Ne2 dxe4 12. dxe4 a5 13. Bc4 a4 14. a3 Qc7 15. Bd3 b6 16. Bd2 Ba6 17. Rc1 Qd7 18. Qg3 f5 19. e5 Nc6 20. Bxa6 Rxa6 21. Rf3 Rd8 22. Rd3 Bf8 23. Rd1 Bc5 24. Be3 Qc7 25. Nxd4 Nxd4 26. Bxd4 Bxd4+ 27. Rxd4 Rxd4 28. Rxd4 Qxc2 29. Rd8+ Kg7 30. Rd7+ Kg8 31. Qg5 Qc5+ 32. Kf1 Qb5+ 0-1

[Event "POL-ch U18 Girls"]
[Site "Krynica"]
[Date "2003.??.??"]
[Round "4"]
[White "Krokay, Urszula"]
[Black "Pokojska, Daria"]
[Result "1/2-1/2"]
[WhiteElo "1980"]
[BlackElo "2080"]
[PlyCount "75"]
[EventDate "2003.??.??"]
[EventType "swiss"]
[EventRounds "11"]
[EventCountry "POL"]
[SourceTitle "EXT 2007"]
[Source "ChessBase"]
[SourceDate "2006.11.23"]
[SourceVersion "1"]
[SourceVersionDate "2006.11.23"]
[SourceQuality "1"]

1. e4 c5 2. Nf3 Nc6 3. d4 cxd4 4. Nxd4 e5 5. Nb5 d6 6. N1c3 a6 7. Na3 b5 8. Nd5 Nce7 9. c4 Nxd5 10. exd5 bxc4 11. Nxc4 Nf6 12. Be3 Rb8 13. b3 Ng4 14. Bd2 Qf6 15. f3 Nh6 16. Qc1 Be7 17. h4 Qg6 18. Be3 Nf5 19. h5 Qg3+ 20. Bf2 Qf4 21. Qxf4 exf4 22. 0-0-0 0-0 23. Bd3 Rd8 24. Rhe1 Bf6 25. Re2 Bd7 26. Rc2 g6 27. hxg6 hxg6 28. Be4 Rdc8 29. Bg1 a5 30. Nb6 Rxc2+ 31. Bxc2 Bc8 32. Nc4 a4 33. Rd3 Ba6 34. Rd1 Bxc4 35. bxc4 Rc8 36. Bd3 a3 37. Kd2 Nh4 38. Rb1 1/2-1/2

[Event "POL-ch U18 Girls"]
[Site "Krynica"]
[Date "2003.??.??"]
[Round "5"]
[White "Pokojska, Daria"]
[Black "Bojdol, Joanna"]
[Result "1/2-1/2"]
[WhiteElo "2080"]
[BlackElo "2020"]
[PlyCount "51"]
[EventDate "2003.??.??"]
[EventType "swiss"]
[EventRounds "11"]
[EventCountry "POL"]
[SourceTitle "EXT 2007"]
[Source "ChessBase"]
[SourceDate "2006.11.23"]
[SourceVersion "1"]
[SourceVersionDate "2006.11.23"]
[SourceQuality "1"]

1. c4 e5 2. g3 g6 3. Bg2 Bg7 4. Nc3 Nc6 5. d3 d6 6. e4 Nge7 7. Nge2 0-0 8. 0-0 Rb8 9. Be3 a6 10. a4 Be6 11. Nd5 f5 12. Qd2 Qd7 13. c5 Kh8 14. Bh6 Ng8 15. Bxg7+ Kxg7 16. f4 Nf6 17. Qc3 fxe4 18. fxe5 dxe5 19. dxe4 Bg4 20. Nxf6 Rxf6 21. Rxf6 Kxf6 22. Bf3 Kg7 23. Bxg4 Qxg4 24. Qe3 Rf8 25. Kg2 Rd8 26. Nc3 1/2-1/2

[Event "Wroclaw-ch"]
[Site "Wroclaw"]
[Date "2003.??.??"]
[Round "8"]
[White "Pokojska, Daria"]
[Black "Jackowska, Aleksandra"]
[Result "1/2-1/2"]
[WhiteElo "2125"]
[BlackElo "2030"]
[PlyCount "76"]
[EventDate "2003.??.??"]
[EventType "swiss"]
[EventRounds "9"]
[EventCountry "POL"]
[SourceTitle "EXT 2007"]
[Source "ChessBase"]
[SourceDate "2006.11.23"]
[SourceVersion "1"]
[SourceVersionDate "2006.11.23"]
[SourceQuality "1"]

1. c4 c6 2. Nf3 d5 3. b3 Nf6 4. Bb2 Bg4 5. Ne5 Bh5 6. g3 Nbd7 7. Nxd7 Qxd7 8. Bg2 e6 9. 0-0 Be7 10. d3 0-0 11. Nd2 Rfe8 12. h3 Bc5 13. g4 Bg6 14. Nf3 Qc7 15. Rc1 dxc4 16. bxc4 e5 17. Nh4 Rad8 18. Nxg6 hxg6 19. Qb3 Qe7 20. Rb1 Rd7 21. a4 Nh7 22. a5 a6 23. e3 Qh4 24. Bxe5 Rxe5 25. d4 Bxd4 26. exd4 Rxa5 27. d5 cxd5 28. Bxd5 Ng5 29. Kh2 Ne6 30. Bxe6 fxe6 31. c5 Qf6 32. Rbe1 Kf7 33. Re3 Rb5 34. Qa3 Kg8 35. Kg2 Rd5 36. c6 bxc6 37. Qxa6 e5 38. Rf3 Qd8 1/2-1/2